serun
ՀԱՅ ԳԻՐՔ = Armenian Book

Սիրո պատմություններն Աստվածաշնչում / (Record no. 165458)

000 -LEADER
fixed length control field nam a22 a 4500
003 - CONTROL NUMBER IDENTIFIER
control field AM-YeNLA
005 - DATE AND TIME OF LATEST TRANSACTION
control field 20251210140609.0
007 - PHYSICAL DESCRIPTION FIXED FIELD--GENERAL INFORMATION
fixed length control field ta
008 - FIXED-LENGTH DATA ELEMENTS--GENERAL INFORMATION
fixed length control field 251210s2025 ai o|||gr|||||000|0|arm||
020 ## - INTERNATIONAL STANDARD BOOK NUMBER
International Standard Book Number 978-9939-876-88-7
040 ## - CATALOGING SOURCE
Language of cataloging arm
Transcribing agency AM-YeNLA
041 0# - LANGUAGE CODE
Language code of text/sound track or separate title arm
245 00 - TITLE STATEMENT
Title Սիրո պատմություններն Աստվածաշնչում /
Statement of responsibility, etc. Աստվածաշնչյան հատվածների ընտրությունը և ներածականները՝ Ա. Փութքանմերի ; Գերմաներենից թարգմանությունը՝ Տ. Անդրեա վրդ. Եզեկյանի ; Խմբագիր և սրբագրիչ՝ Լ. Վարդանյան ; Հայաստանի Աստվածաշնչային ընկերություն․
260 ## - PUBLICATION, DISTRIBUTION, ETC. (IMPRINT)
Place of publication, distribution, etc. Երևան :
Name of publisher, distributor, etc. Հայաստանի Աստվածաշնչային ընկերություն,
Date of publication, distribution, etc. 2025.
300 ## - PHYSICAL DESCRIPTION
Extent 175 էջ ։
Other physical details լուսանկարներ ;
Dimensions 18 սմ.
630 04 - SUBJECT ADDED ENTRY--UNIFORM TITLE
Uniform title Աստվածաշունչ
Name of part/section of a work Նոր կտակարան
700 1# - ADDED ENTRY--PERSONAL NAME
Personal name Փութքանմեր, Անեգրեթ
Relator term կազմող
Relator code com
700 1# - ADDED ENTRY--PERSONAL NAME
Personal name Եզեկյան, Տ. Անդրեա
Titles and other words associated with a name վրդ.
Relator term թարգմանիչ
Relator code trl
700 1# - ADDED ENTRY--PERSONAL NAME
Personal name Վարդանյան, Լուսինե
Relator term խմբագիր
Relator code edt
Relator term սրբագրիչ
Relator code crr
710 2# - ADDED ENTRY--CORPORATE NAME
Corporate name or jurisdiction name as entry element Հայաստանի Աստվածաշնչային ընկերություն
942 ## - ADDED ENTRY ELEMENTS (KOHA)
Source of classification or shelving scheme
Koha item type Books
Holdings
Withdrawn status Lost status Source of classification or shelving scheme Damaged status Not for loan Permanent Location Current Location Date acquired Inventory number Date last seen Price effective from Koha item type
          National Library of Armenia National Library of Armenia 2025-12-10 ՀԱԳ 2025-12-10 2025-12-10 Books

Հայաստանի ազգային գրադարան ՀՀ, 0009,Երևան, Տերյան 72
Հետադարձ կապ